书目信息 |
| 题名: |
感悟人生全集
|
|
| 作者: | 爱伦, 著 ;李旭大 译 | |
| 分册: | ||
| 出版信息: | 北京 中国发展出版社 2006.01 |
|
| 页数: | 16, 373页 | |
| 开本: | 24cm | |
| 丛书名: | ||
| 单 册: | ||
| 中图分类: | B821 | |
| 科图分类: | ||
| 主题词: | 人生哲学--ren sheng zhe xue--通俗读物 | |
| 电子资源: | ||
| ISBN: | 7-80087-906-2 | |
| 000 | 01025nam0 2200265 450 | |
| 001 | 012006911530 | |
| 005 | 20060522110108.82 | |
| 010 | @a7-80087-906-2@dCNY26.80 | |
| 100 | @a20060512d2006 km y0chiy0120 ea | |
| 101 | 1 | @achi@ceng |
| 102 | @aCN@b110000 | |
| 105 | @ay z 000yy | |
| 200 | 1 | @a感悟人生全集@Agan wu ren sheng quan ji@e励志珍藏版@f(英) 詹姆斯·爱伦著@F(ying)zhan mu si·ai lun zhu@g李旭大译@Gli xu da yi |
| 210 | @a北京@c中国发展出版社@d2006.01 | |
| 215 | @a16, 373页@d24cm | |
| 312 | @a英文并列题名取自封面 | |
| 330 | @a本书收录了詹姆斯·爱伦的10本经典小册子,包括《做个思想者》、《兴盛之路》、《命运的主宰》、《平静之道》、《理想的王国》、《感悟人生的困难》等。 | |
| 510 | 1 | @aWisdom of james allen@eHolybird success classics@zeng |
| 517 | 1 | @a励志珍藏版@Ali zhi zhen cang ban |
| 606 | 0 | @a人生哲学@Aren sheng zhe xue@j通俗读物 |
| 690 | @aB821@v4 | |
| 701 | 1 | @a爱伦,@Aai lun,@bJ.@g(Alle, J.)@4著 |
| 702 | 0 | @a李旭大@Ali xu da@4译 |
| 801 | 0 | @aCN@bQSSK@c20060522 |
| 905 | @a10447@dB821@eA458 | |
| 感悟人生全集:励志珍藏版/(英) 詹姆斯·爱伦著/李旭大译.-北京:中国发展出版社,2006.01 |
| 16, 373页;24cm |
| ISBN 7-80087-906-2:CNY26.80 |
| 本书收录了詹姆斯·爱伦的10本经典小册子,包括《做个思想者》、《兴盛之路》、《命运的主宰》、《平静之道》、《理想的王国》、《感悟人生的困难》等。 |
| ● |
| 相关链接 |
|
|
|
正题名:感悟人生全集
索取号:B821/A458
 
预约/预借
| 序号 | 登录号 | 条形码 | 馆藏地/架位号 | 状态 | 备注 |
| 1 | 580642 | 205806421 | 社科库509/ [索取号:B821/A458] | 在馆 | |
| 2 | 580643 | 205806430 | 社科库509/509社科库 21排4列1层/ [索取号:B821/A458] | 在馆 | |
| 3 | 580644 | 205806449 | 社科库509/509社科库 21排4列1层/ [索取号:B821/A458] | 在馆 |